000 00355nam a2200157Ia 4500
003 OSt
005 20240219152847.0
008 170524s9999 xx 000 0 und d
020 _a978-0074635513
040 _cIIMT UNIVERSITY MEERUT
100 _aCrowley C
245 0 _aOperating System
260 _bTMH New Delhi
260 _c2007
942 _2ddc
_c02
999 _c4950
_d4950